Регионална библиотека "Любен Каравелов" - Русе

Международни стандарти за финансови отчети (Запис номер 65860)

MARC детайли
000 -Лидер
Контролно поле с фиксирана дължина nam a22 a 4500
003 - Код на организацията, давaща контролен номер
Контролно поле BLK
005 - Дата и час на последна редакция
Контролно поле 20210205153007.0
008 - Елементи от данни с фиксирана дължина
fixed length control field 180408b bul|||||r ||||||| ||bul||
010 ## - Наследен системен номер
LC control number KNG00070142000
020 ## - Международен стандартен номер на книга ISBN
Международен стандартен номер на книга ISBN 954-91978-1-6
040 ## - Източник на каталожния запис
Идентификатор на билиотеката - собственик на записа BLK
041 ## - Код за език
Код за езика на текст/звукозапис или на отделно заглавие Български
Код за езика КДБФ Български
080 ## - УДК
Текстов определител УДК Методи за въвеждане на стандартите в практиката. Прилагане на стандартите
УДК код - определител по УДК 006.06
УДК определител :657(100)(075)
УДК - код + определител 006.06:657(100)(075)
139 ## - Редно поле
Редна дума Международни стандарти за финансови отчети
Авторски знак Мед - М 45
245 10 - Сведения за заглавието
Заглавие Международни стандарти за финансови отчети
Подзаглавни данни Ситуации, казуси, решения : Практ. курс
Редно поле (дума) прев. Миленка Савова.
257 ## - Страна на издаване
Страна на създаване/издаване България
260 ## - Област на издателските данни
Име на издателя, разпространителя и проч. Икономика-прес
Година на издаване 2007
Печатница София : Симолини
Място на издаване, разпространение и проч. София
300 ## - Физическа характеристика
Страници 364 с.
Илюстрации и др. с табл., сх.
Размери/Мащаб 29 см
380 ## - Жанр
Жанр Общ отдел
500 ## - Общи забележки
Забележка Без сведение за ориг. загл. - Офс. изд.
650 #4 - Допълнително описание по предмет – тема
Основно описание – тема или топоним Счетоводство - стандартизация и нормализация
9 (RLIN) 270225
653 ## - Ключова дума – ненормативна
Ключова дума счетоводство
653 ## - Ключова дума – ненормативна
Ключова дума финанси
653 ## - Ключова дума – ненормативна
Ключова дума международни стандарти
653 ## - Ключова дума – ненормативна
Ключова дума учебници
700 1# - Други автори (авторска отговорност)
Лично име Савова, Миленка
Автороска отговорност (Описва отношението между автора и произведението) прев.
9 (RLIN) 292663
852 ## - Местоположение
Форматна сигнатура Цб ІІ 14190
Фондова буква Хранилище
856 4# - Електронен адрес и достъп
Електронен формат pdf - файл
856 4# - Електронен адрес и достъп
Електронен формат pdf - файл
999 ## - СИСТЕМНИ КОНТРОЛНИ НОМЕРА
Koha biblionumber 65860
Koha biblioitemnumber 65860
942 ## - АРТИКУЛИ
Вид на библиотечния материал Книги
Скрит в OPAC Не
Периодичен библиозапис Да
944 ## - СЪЗДАВАНЕ И РЕДАКЦИЯ на ЗАПИСА
Създаване/Редакция Създаване
Дата на регистрацията/редакция 19.12.2006
Служител, извършил регистрацията/редакцията Людмила_Стоянова
944 ## - СЪЗДАВАНЕ И РЕДАКЦИЯ на ЗАПИСА
Създаване/Редакция Редакция
Дата на регистрацията/редакция 03.12.2007
999 ## - СИСТЕМНИ КОНТРОЛНИ НОМЕРА
Koha biblioitemnumber 65860
Наличности
Код за отписване Код за изгубен артикул Код за повреда Коз за рестрикции Код за отдаване Артикулен № Име на библиотеката - собственик Име на библиотеката, в която се намира в момента Статус (Текущо местоположение) Дата на вписване в системата Местоположение - отдел Цена в лева Инвентарен номер Систематично азбучна сигнатура Баркод Номер на екземпляра Цена в евро Служебна бележка Служебен тип на артикула Източник на класификационната схема
  Не е изгубен Не е повреден без рестрикции ползва се в читалня 108701 Регионална библиотека "Любен Каравелов" Русе Регионална библиотека "Любен Каравелов" Русе Читалня 2006-12-19 Читалня 30.00 120000707651 Ч 006/М 45 120000707651 1 15.34 Дост: Pk Вид: Ф N: 47395 Дата: 17.12.2006 Дата инв: 21.03.2017 Бележки инв: Ч2017 Книги  
  Не е изгубен Не е повреден само за читалня ползва се в читалня 108702 Регионална библиотека "Любен Каравелов" Русе Регионална библиотека "Любен Каравелов" Русе Хранилище 2007-11-22 Хранилище 30.00 120000720191 Цб ІІ 14190 120000720191 2 15.34 Дост: Dp Вид: Д N: 33 Дата: 26.07.2007 Книги Universal Decimal Classification
Vip Innovations Ltd, Rousse, Bulgaria 2025